All Cards With Clash Royale - Statistics

General Stats
  • This quiz has been taken 48 times
    47 since last reset
  • The average score is 46 of 94
Answer Stats
Type Cards % Correct
Common Skeletons
81%
Legendary The Log
81%
Epic Prince
77%
Rare Giant
73%
Legendary Mega Knight
73%
Common Archers
69%
Legendary Electro Wizard
65%
Rare Fireball
65%
Common Ice Spirit
65%
Legendary Princess
65%
Common Arrows
62%
Common Goblins
62%
Legendary Ice Wizard
62%
Epic Lightning
62%
Rare Mini P.E.K.K.A
62%
Epic P.E.K.K.A
62%
Epic Rage
62%
Epic Skeleton Army
62%
Common Zap
62%
Rare Bomb Tower
58%
Epic Goblin Barrel
58%
Common Knight
58%
Legendary Night Witch
58%
Common Spear Goblins
58%
Epic Witch
58%
Epic Baby Dragon
54%
Common Barbarians
54%
Rare Earthquake
54%
Epic Freeze
54%
Epic Golem
54%
Legendary Graveyard
54%
Rare Heal
54%
Rare Hog Rider
54%
Legendary Inferno Dragon
54%
Legendary Lava Hound
54%
Common Minions
54%
Rare Musketeer
54%
Legendary Sparky
54%
Rare Wizard
54%
Common Bats
50%
Common Bomber
50%
Common Cannon
50%
Epic Dark Prince
50%
Epic Goblin Giant
50%
Rare Goblin Hut
50%
Legendary Lumberjack
50%
Legendary Magic Archer
50%
Legendary Miner
50%
Epic Poison
50%
Common Tesla
50%
Legendary Bandit
46%
Rare Barbarian Hut
46%
Epic Electro Dragon
46%
Common Fire Spirits
46%
Epic Giant Skeleton
46%
Common Goblin Gang
46%
Common Royal Giant
46%
Rare Valkyrie
46%
Epic X-Bow
46%
Epic Balloon
42%
Epic Barbarian Barrel
42%
Epic Clone
42%
Legendary Fisherman
42%
Rare Ice Golem
42%
Rare Inferno Tower
42%
Common Minion Horde
42%
Common Mortar
42%
Legendary Ram Rider
42%
Common Skeleton Barrel
42%
Rare Three Musketeers
42%
Rare Furnace
38%
Epic Guards
38%
Rare Rocket
38%
Legendary Royal Ghost
38%
Rare Tombstone
38%
Epic Tornado
38%
Rare Dart Goblin
35%
Epic Executioner
35%
Common Giant Snowball
35%
Rare Mega Minion
35%
Epic Mirror
35%
Common Rascals
35%
Common Royal Recruits
35%
Rare Battle Ram
31%
Common Elite Barbarians
31%
Epic Hunter
31%
Rare Royal Hogs
31%
Epic Bowler
27%
Epic Cannon Cart
27%
Rare Elixir Collector
27%
Rare Flying Machine
27%
Rare Goblin Cage
27%
Rare Zappies
27%
Epic Wall Breakers
19%
No matching quizzes found
Score Distribution
Percent of People with Each Score
Percentile by Number Answered
Your Score History
You have not taken this quiz since the last reset